000 02279cam a2200313 i 4500
003 SA-RiAUC
005 20250506101043.0
008 250505s1985 sy g b 000r0 ara c
024 0 _a00000000956774
040 _aSA-RiAUC
_bara
_cSA-RiAUC
_dAE-DuMBRL
_erda
043 _aa-ye---
050 4 _b.M36 1985
082 0 4 _a304.809533
_qSA-RiAUC
090 _a304.809533
_b م ن ص
100 1 _aمنصور، عبد الملك.
_eمؤلف.
245 1 0 _aظاهرة الهجرة اليمنية :
_bتاريخها وتوصيفها، تعليلها، مستقبلها، آثارها الإيجابية والسلبية، ترشيدها /
_cتأليف عبد الملك منصور.
250 _aالطبعة الأولى.
264 1 _aدمشق :
_bدار الفكر للطباعة والتوزيع والنشر،
_c1985.
300 _a255 صفحة ؛
_c24 × 17 سم
336 _aنص
_btxt
_2rdacontent
_3كتاب
337 _aبدون وسيط
_bn
_2rdamedia
338 _aمجلد
_bnc
_2rdacarrier
504 _aببليوجرافية : صفحة 251-254.
520 _aتناولت هذه الدراسة (ظاهرة الهجرة اليمنية)، تاريخها، توصيفها، تعليلها، مستقبلها، آثارها، الإيجابية والسلبية، ترشيدها، مستهدفة اطلاع القارئ على المعلومات والآراء المتفرقة في الدراسات السابقة لها، والبيانات الميدانية الموثوقة في هذا المجال. « وحرصت هذه الدراسة أيضا على تمحيص تلك البيانات والآراء ومقارنتها ببعضها ترجيحا للحقائق التي تبدو أكثر موضوعية على الانطباعات الشخصية التي أتت بالدرجة الثانية لملء الفراغ الذي لم تملؤه بيانات، مبدانية موثوقة، وكذلك استبعادا للآراء التي ترجح صدورها عن أفكار مسبقة ومفاهيم خاصة لا تتسع قوالبها للموضوعية العلمية.
650 7 _aالهجرة
_zاليمن
_2aucsh
651 7 _aاليمن
_xنزوح وهجرة
_2aucsh
942 _2ddc
_cBOOK
_n0
949 _aSA-JeALM
_d250505
_umohamedma123
_n1
999 _c7679
_d7679